Participating in development? Refugee protection, politics and developmental approaches to refugee management in Uganda (Record no. 65298)

000 -LEADER
fixed length control field 00439pab a2200145 454500
008 - FIXED-LENGTH DATA ELEMENTS--GENERAL INFORMATION
fixed length control field 180718b2005 xxu||||| |||| 00| 0 eng d
100 ## - MAIN ENTRY--PERSONAL NAME
Personal name Kaiser, Tania
245 ## - TITLE STATEMENT
Title Participating in development? Refugee protection, politics and developmental approaches to refugee management in Uganda
260 ## - PUBLICATION, DISTRIBUTION, ETC.
Date of publication, distribution, etc. 2005
300 ## - PHYSICAL DESCRIPTION
Extent p.351-67.
650 ## - SUBJECT ADDED ENTRY--TOPICAL TERM
Topical term or geographic name entry element Refugees - Uganda
650 ## - SUBJECT ADDED ENTRY--TOPICAL TERM
Topical term or geographic name entry element Refugees
773 ## - HOST ITEM ENTRY
Main entry heading Third World Quarterly
909 ## -
-- 65298
Holdings
Withdrawn status Lost status Damaged status Not for loan Permanent Location Current Location Date acquired Serial Enumeration / chronology Barcode Date last seen Price effective from Koha item type
        Indian Institute of Public Administration Indian Institute of Public Administration 2018-07-19 Volume no: 26, Issue no: 2 AR65750 2018-07-19 2018-07-19 Articles

Powered by Koha